| 000 | 01547nam a2200241Ia 4500 | ||
|---|---|---|---|
| 001 | b6289-45350 | ||
| 003 | IT-MiCISF | ||
| 005 | 20230306115104.0 | ||
| 008 | 161014s9999||||xx |||||||||||||| ||und|| | ||
| 040 |
_aIT-MiCISF _cIT-MiCISF |
||
| 041 | _ait | ||
| 100 |
_aRighetti Pier Luigi, Luisi Serena _959576 |
||
| 245 | 0 |
_aLa procreazione assistita. _bAspetti Psicologici e medici |
|
| 260 |
_a Torino, _bBollati Boringhieri, _c2007 |
||
| 300 | _app. 246 | ||
| 500 | _a / procreazione-artificiale, psicologia, coppia, sterilità / | ||
| 501 | _ain appendice: legge n. 40 del 19 febbraio 2004. "Norme in materia di procreazione medicalmente assistita". Tabelle di confronto tra leggi presenti in altri Paesi | ||
| 520 | _a Un progetto comune, il traguardo di un cammino percorso in due, il frutto desiderato di un Tu e un Io che sono diventati un Noi: questo rappresenta un figlio per la maggior parte delle coppie. Ma quando l'infertilità si frappone tra desiderio e realtà, molte ombre calano sui mancati genitori, modificando profondamente i rapporti e la percezione sociale e individuale che uomo e donna hanno di sé. In questo volume gli AA. analizzano le conseguenze della genitorialità inappagata, le ansie, le aspettative che accompagnano ogni momento del conseguente ricorso ai protocolli di procreazione assistita: un momento di crisi per la coppia e insieme un'opportunità di crescita e rafforzamento del legame reciproco. | ||
| 650 |
_a procreazione _e001 _956309 |
||
| 654 | _asaggio | ||
| 942 |
_cBK _2ddc |
||
| 999 |
_c210770 _d210770 |
||
| 999 | _bsi | ||